000 00461nam a22001690a 4500
001 PT33023
003 AR-LpoUNG
005 20210131230048.0
008 191001suuuu||||ck |||||||||||||||||spa d
040 _aAR-LpoUNG
_bspa
_cAR-LpoUNG
_eaacr
082 0 _aR909 885tim
100 1 _aGrun, Bernard
245 1 4 _aThe timetables of history :
_ba horizontal linkage of people and events
260 _as.l.
_bSimon & Schuster,
_cs.f.
905 _a33023
942 _cLSALA
999 _c1179
_d1179